La escuela orientadora: La acción tutorial desde una perspectiva institucional

Furkejuvvon:
Bibliográfalaš dieđut
Váldodahkkit: Longás Mayayo, Jordi (autor), Mollá Trill, Núria (Dahkki)
Materiálatiipa: Girji
Giella:espánnjágiella
Almmustuhtton: Madrid Narcea 2007
Fáttát:
Fáddágilkorat: Lasit fáddágilkoriid
Eai fáddágilkorat, Lasit vuosttaš fáddágilkora!

MARC

LEADER 00000nam a2200000 a 4500
001 UCH9649
003 CL-VaPUC
008 100114e20070000SP |||||||||||||||||spa|d
020 |a 9788427715240 
082 0 4 |a 371.42  |b LON  |2 21 
100 |a Longás Mayayo, Jordi  |e autor  |9 546853 
700 0 |a Mollá Trill, Núria  |e author  |9 546854 
245 1 3 |a La escuela orientadora: La acción tutorial desde una perspectiva institucional 
300 |a 220 p 
942 |c BK 
945 |d 20100114 00:00:00  |a dcastane 
260 |a Madrid  |b Narcea  |c 2007 
650 7 |a ORIENTACION EDUCACIONAL  |2 CL-VaPUC  |9 312512 
650 0 |a Orientación profesional   |9 308504 
650 7 |a TUTORIAS  |2 CL-VaPUC  |9 335013 
650 0 |a Métodos de enseñanza  |9 270413 
651 0 |a España  |9 254926 
583 |a last modification  |c 20100114 00:00:00  |k Rodrigo Vera 
999 |c 339570  |d 339568 
952 |0 0  |1 0  |4 0  |6 371_420000000000000_LON_2007  |7 0  |8 A  |9 433280  |a BIBEDU  |b BIBEDU  |d 2019-11-22  |i 4633865  |o 371.42 LON 2007  |p 4633865  |r 2019-11-22  |w 2019-11-22  |y BK  |k EPE 
952 |0 0  |1 0  |4 0  |6 371_420000000000000_LON_2007  |7 0  |8 A  |9 433281  |a BIBEDU  |b BIBEDU  |d 2019-11-22  |i 4719603  |o 371.42 LON 2007  |p 4719603  |r 2019-11-22  |w 2019-11-22  |y BK  |k BME